00568cam a22001934a 4500008004100000020002200041100002100063245005700084250001200141260003900153300004800192500002000240504004100260650002300301700002300324003000100347005001700348040000900365  a0205279562 (pbk.)1 aBaron, Robert A.10aSocial psychology /cRobert A. Baron and Donn Byrne. a9th ed. aBoston :bAllyn and Bacon,cc2000. axxvi, 678 p. :bill. (chiefly col.)c29 cm. aIncludes index. aIncludes bibliographical references. 0aSocial psychology.1 aByrne, Donn Erwin.20230123141135.0 cNUST